Online
Catalog

Sammy Sosa : héroe de los jonrones (Record no. 59245)

MARC details
000 -CABECERA
campo de control de longitud fija 00637cam a2200205 a 4500
001 - NÚMERO DE CONTROL
campo de control 218184
003 - IDENTIFICADOR DEL NÚMERO DE CONTROL
campo de control OSt
005 - FECHA Y HORA DE LA ÚLTIMA TRANSACCIÓN
campo de control 20250612092819.0
008 - DATOS DE LONGITUD FIJA--INFORMACIÓN GENERAL
campo de control de longitud fija 0000002000 0000000000spa00
020 ## - NÚMERO INTERNACIONAL ESTÁNDAR DEL LIBRO
Número Internacional Estándar del Libro 0-8225-9861-2
040 ## - FUENTE DE LA CATALOGACIÓN
Centro catalogador/agencia de origen DLC
Centro/agencia transcriptor DLC
100 ## - ENTRADA PRINCIPAL--NOMBRE DE PERSONA
Nombre de persona Savage, Jeff, 1961-
9 (RLIN) 88075
245 ## - MENCIÓN DE TÍTULO
Título Sammy Sosa : héroe de los jonrones
Mención de responsabilidad, etc. Jeff Savage ; traducción Julia Cisneros Fitzpatrick
260 ## - PUBLICACIÓN, DISTRIBUCIÓN, ETC.
Lugar de publicación, distribución, etc. Chicago :
Nombre del editor, distribuidor, etc. Lerner Publications
300 ## - DESCRIPCIÓN FÍSICA
Extensión 64 p.
504 ## - NOTA DE BIBLIOGRAFÍA, ETC.
Nota de bibliografía, etc. Incluye índice
600 ## - PUNTO DE ACCESO ADICIONAL DE MATERIA--NOMBRE DE PERSONA
Nombre de persona Sosa Sammy 1968-
650 ## - PUNTO DE ACCESO ADICIONAL DE MATERIA--TÉRMINO DE MATERIA
Término de materia o nombre geográfico como elemento de entrada Béisbol
-- Jugadores de beisbol
9 (RLIN) 88076
700 ## - PUNTO DE ACCESO ADICIONAL--NOMBRE DE PERSONA
Nombre de persona Cisneros Fitzpatrick, Julia, tr
9 (RLIN) 88077

No items available.

Powered by Koha